Normal view
MARC view
Entry Personal Name
001 - CONTROL NUMBER
- control field: 59132
003 - CONTROL NUMBER IDENTIFIER
- control field: dpl
005 - DATE AND TIME OF LATEST TRANSACTION
- control field: 20231128145946.0
008 - FIXED-LENGTH DATA ELEMENTS
- fixed length control field: 231128|| aca||aabn | a|a d
040 ## - CATALOGING SOURCE
- Original cataloging agency: dpl
- Transcribing agency: dpl
100 ## - HEADING--PERSONAL NAME
- Personal name: Banerjee, Satya Ranjan
670 ## - SOURCE DATA FOUND
- Source citation: Work cat.: (dpl)199268: A Descriptive Catalogue of Sanskrit Manuscripts in the Collection of the Asiatic Society:, 2016
